[Event "X Weekend B"]
[Site "Porto Sant'Elpidio ITA"]
[Date "2007.12.02"]
[Round "6"]
[White "Santarelli, Emmanuele"]
[Black "Brandoni, Nicola"]
[Result "1/2-1/2"]
[WhiteElo "1506"]
[BlackElo "1425"]
[PlyCount "151"]
[EventDate "2007.11.24"]

1. d4 d5 2. c4 c6 3. Nf3 Nf6 4. Nc3 e6 5. Bg5 h6 6. Bh4 g5 7. Bg3 Bb4 8. Qc2
Qa5 9. Be5 Nbd7 10. Bxf6 Nxf6 11. Nd2 Ne4 12. Ndxe4 dxe4 13. e3 f5 14. a3 O-O
15. Rc1 Bxc3+ 16. Qxc3 Qxc3+ 17. Rxc3 Re8 18. Be2 e5 19. Bh5 exd4 20. exd4 Rd8
21. d5 cxd5 22. cxd5 Rxd5 23. Be2 Rd6 24. f3 exf3 25. Bxf3 Rb6 26. Rc2 f4 27.
Kf2 Bf5 28. Rd2 Rc8 29. b4 Rc2 30. Rxc2 Bxc2 31. Rc1 Bf5 32. Rc3 g4 33. Rc5 Be6
34. Bd5 Bxd5 35. Rxd5 Kf7 36. Rd4 Ke7 37. Rxf4 Rf6 38. Rxf6 Kxf6 39. g3 b5 40.
Ke3 Ke5 41. Kd3 Kd5 42. Ke3 Kc4 43. Kf4 Kb3 44. Kxg4 Kxa3 45. Kh5 Kxb4 46. Kxh6
Ka3 47. g4 b4 48. g5 b3 49. g6 b2 50. g7 b1=Q 51. g8=Q Qb3 52. Qg3 a5 53. Qd6+
Ka4 54. Qd7+ Kb4 55. Qd4+ Qc4 56. Qd6+ Kb5 57. Qe5+ Qc5 58. Qe2+ Kb6 59. Qb2+
Ka6 60. Qe2+ Qb5 61. Qe6+ Qb6 62. Qxb6+ Kxb6 63. Kg7 a4 64. h4 a3 65. h5 a2 66.
h6 a1=Q+ 67. Kg8 Qg1+ 68. Kh8 Kc6 69. h7 Qd4+ 70. Kg8 Qd8+ 71. Kg7 Qe7+ 72. Kg8
Qg5+ 73. Kh8 Qh6 74. Kg8 Kd7 75. h8=Q Qe6+ 76. Kh7 1/2-1/2

[Event "X Weekend B"]
[Site "Porto Sant'Elpidio ITA"]
[Date "2007.12.02"]
[Round "6"]
[White "Santarelli, Enrico"]
[Black "Pescatore, Lorenzo"]
[Result "1-0"]
[WhiteElo "1671"]
[BlackElo "1600"]
[PlyCount "53"]
[EventDate "2007.11.24"]

1. Nf3 d5 2. e3 Nf6 3. b3 e6 4. Bb2 c5 5. Be2 Nc6 6. O-O Bd6 7. d4 O-O 8. c4 b6
9. Nbd2 Bb7 10. Rc1 Rc8 11. Bd3 Re8 12. Ne5 Qc7 13. f4 Nd7 14. Ndf3 Ndxe5 15.
fxe5 Be7 16. Qc2 h6 17. Qf2 Nb4 18. Bb1 dxc4 19. bxc4 Qd7 20. a3 Na6 21. Nd2
Rf8 22. Ne4 cxd4 23. exd4 Nc5 24. Nf6+ gxf6 25. exf6 Bd6 26. Qh4 Qc6 27. Qg4+
1-0

[Event "X Weekend B"]
[Site "Porto Sant'Elpidio ITA"]
[Date "2007.12.02"]
[Round "6"]
[White "Sorcinelli, Matteo"]
[Black "Giampieri, Stefano"]
[Result "0-1"]
[WhiteElo "1458"]
[BlackElo "1392"]
[PlyCount "156"]
[EventDate "2007.11.24"]

1. Nf3 d5 2. e3 Nc6 3. d4 Bf5 4. a3 Nf6 5. c4 e6 6. c5 Qe7 7. Qa4 Nd7 8. Bb5
Ncb8 9. Bxd7+ Qxd7 10. Qxd7+ Nxd7 11. Bd2 Bd3 12. Nc3 f6 13. Ne2 Bxe2 14. Kxe2
e5 15. Rhc1 c6 16. Bb4 a5 17. Be1 exd4 18. exd4 Be7 19. Kf1 O-O 20. Bd2 a4 21.
Rab1 Rac8 22. b3 axb3 23. Rxb3 b5 24. cxb6 c5 25. dxc5 Rxc5 26. Rxc5 Nxc5 27.
Rb5 Ne4 28. Bb4 Bxb4 29. Rxb4 Rb8 30. b7 Nd6 31. Nd4 Rxb7 32. Rxb7 Nxb7 33. Ke2
Kf7 34. Kd3 g6 35. Nb5 Ke7 36. Kd4 Nd6 37. Nc7 Kd7 38. Nxd5 Nb5+ 39. Ke3 Ke6
40. Nf4+ Kf5 41. a4 Nd6 42. Nd5 Ke5 43. Nb6 Nb7 44. f3 Kd6 45. Kd4 Nc5 46. a5
Nb3+ 47. Kc3 Nxa5 48. Nc4+ Nxc4 49. Kxc4 Ke5 50. g3 h5 51. Kd3 g5 52. Ke3 Kf5
53. h4 gxh4 54. gxh4 Ke5 55. f4+ Kd5 56. Kd3 f5 57. Ke3 Kc4 58. Ke2 Kd4 59. Kf3
Kd3 60. Kf2 Ke4 61. Kg3 Ke3 62. Kh3 Kxf4 63. Kg2 Kg4 64. Kf2 Kxh4 65. Kf3 Kg5
66. Kg3 h4+ 67. Kh3 Kf4 68. Kxh4 Ke3 69. Kg3 f4+ 70. Kg2 Ke2 71. Kg1 f3 72. Kh2
f2 73. Kh3 f1=Q+ 74. Kh4 Qg2 75. Kh5 Qg7 76. Kh4 Qg8 77. Kh3 Kf3 78. Kh2 Qg2#
0-1

[Event "X Weekend A"]
[Site "Porto Sant'Elpidio ITA"]
[Date "2007.11.24"]
[Round "1"]
[White "Baleani, Emanuele"]
[Black "Rinaudo, Andrea"]
[Result "1/2-1/2"]
[WhiteElo "1897"]
[BlackElo "2119"]
[PlyCount "94"]
[EventDate "2007.11.24"]

1. e4 c5 2. Nf3 Nc6 3. d4 cxd4 4. Nxd4 e5 5. Nb5 d6 6. N1c3 a6 7. Na3 b5 8. Nd5
Nf6 9. Bd3 Be7 10. c3 Be6 11. Nxe7 Qxe7 12. Nc2 d5 13. exd5 Nxd5 14. O-O O-O
15. f4 Qc5+ 16. Kh1 exf4 17. Bxf4 Nxf4 18. Rxf4 Rad8 19. Qf1 f6 20. a4 Rd5 21.
axb5 Ne5 22. Nd4 Bd7 23. Be4 Rd6 24. bxa6 Nc6 25. Qb5 Qxb5 26. Nxb5 Rd2 27. a7
Nxa7 28. Nxa7 Rxb2 29. h3 Re8 30. Bd5+ Kf8 31. Re4 Rxe4 32. Bxe4 f5 33. Bd5 Ke7
34. c4 Kd6 35. Ra3 g6 36. Bg8 Rb7 37. Nb5+ Kc5 38. Ra7 Rxa7 39. Nxa7 h6 40. Nb5
f4 41. Kg1 f3 42. g4 h5 43. gxh5 gxh5 44. h4 Bxb5 45. cxb5 Kxb5 46. Kf2 Kc5 47.
Kxf3 Kd6 1/2-1/2

[Event "X Weekend A"]
[Site "Porto Sant'Elpidio ITA"]
[Date "2007.11.24"]
[Round "1"]
[White "Cerquitella, Luca"]
[Black "Giobbi, Costantino"]
[Result "1-0"]
[WhiteElo "2238"]
[BlackElo "1955"]
[PlyCount "49"]
[EventDate "2007.11.24"]

1. e4 e6 2. d4 d5 3. Nc3 dxe4 4. Nxe4 Nf6 5. Nxf6+ gxf6 6. Be3 Nd7 7. Qf3 c6 8.
O-O-O Qa5 9. Bc4 h5 10. Ne2 f5 11. Rhe1 Nf6 12. Ng3 Be7 13. Bg5 Nd5 14. Bxe7
Nxe7 15. Nxh5 Bd7 16. Nf6+ Kd8 17. h4 Qb4 18. Bb3 Qd6 19. g3 Rh6 20. Nxd7 Kxd7
21. c4 Qc7 22. Kb1 Qa5 23. d5 exd5 24. cxd5 c5 25. d6 1-0

[Event "X Weekend A"]
[Site "Porto Sant'Elpidio ITA"]
[Date "2007.11.24"]
[Round "1"]
[White "Fioravanti, Emidio"]
[Black "Faini, Marco"]
[Result "1/2-1/2"]
[WhiteElo "2016"]
[BlackElo "1860"]
[PlyCount "114"]
[EventDate "2007.11.24"]

1. e4 d5 2. exd5 Qxd5 3. d4 c6 4. Nf3 Nf6 5. Nc3 Qa5 6. Bd2 Qc7 7. Bc4 Bf5 8.
Ne5 e6 9. g4 Be4 10. Rg1 Bd5 11. Bd3 Nfd7 12. Bf4 Bd6 13. Qe2 Nxe5 14. dxe5 Bb4
15. Bd2 Nd7 16. f4 a6 17. a3 Ba5 18. O-O-O O-O-O 19. Kb1 Kb8 20. Rg3 c5 21.
Nxd5 exd5 22. Bf5 Bxd2 23. Qxd2 Nf8 24. c4 d4 25. Rb3 Ne6 26. Be4 b6 27. f5 Nf8
28. Qg5 g6 29. Qf6 Nd7 30. Qxf7 Nxe5 31. Qe6 Ka7 32. fxg6 hxg6 33. h3 Qd6 34.
Qxd6 Rxd6 35. Bd5 Rf6 36. Re1 Re8 37. a4 a5 38. Rg3 Re7 39. Rg2 Nc6 40. Rxe7+
Nxe7 41. Re2 Nc6 42. Bxc6 Rxc6 43. Re7+ Kb8 44. Kc2 Rf6 45. Rd7 Kc8 46. Rg7 Re6
47. h4 Kd8 48. h5 gxh5 49. gxh5 Rh6 50. Rg5 Ke7 51. Kd3 Re6 52. Kd2 Kf7 53. Rd5
Kg7 54. Rf5 Kh6 55. Rd5 Kg7 56. Rd7+ Kh6 57. Rd5 Kg7 1/2-1/2

[Event "X Weekend A"]
[Site "Porto Sant'Elpidio ITA"]
[Date "2007.11.24"]
[Round "1"]
[White "Fratini, Mauro"]
[Black "Faini, Ivano"]
[Result "1-0"]
[WhiteElo "1979"]
[BlackElo "1755"]
[PlyCount "120"]
[EventDate "2007.11.24"]

1. d4 d5 2. Nf3 e6 3. Bf4 Bd6 4. Ne5 f6 5. Nd3 Bxf4 6. Nxf4 Ne7 7. e3 g6 8. Bd3
Qd6 9. c3 b6 10. Nd2 Bb7 11. Qg4 Bc8 12. Qh4 f5 13. Nf3 Nd7 14. Qh6 Bb7 15. Ng5
e5 16. Nfe6 Nf8 17. Ng7+ Kd7 18. Nf7 Qf6 19. Nxe5+ Kd8 20. Nh5 Qe6 21. Nf4 Qf6
22. Bb5 c6 23. Ba4 Nd7 24. Nfd3 Nxe5 25. Nxe5 Rf8 26. f4 b5 27. Bb3 Rc8 28. Nd3
Rc7 29. Nc5 Ng8 30. Qxf8+ Qxf8 31. Ne6+ Ke8 32. Nxf8 Kxf8 33. a4 Ba6 34. axb5
Bxb5 35. Kf2 Nf6 36. Rhe1 Re7 37. h3 Ne4+ 38. Kg1 Nd2 39. Ba4 Nc4 40. Bxb5 cxb5
41. Re2 h6 42. Kf2 g5 43. g3 Kg7 44. Ra6 Rb7 45. b3 Nb6 46. Rea2 Kg6 47. Rxa7
Rb8 48. Rc7 Kh5 49. fxg5 Kxg5 50. Rg7+ Kh5 51. Ra1 Nc8 52. Ra6 Nb6 53. Kf3 b4
54. cxb4 f4 55. exf4 Re8 56. g4+ Kh4 57. Rxb6 h5 58. gxh5 Kxh3 59. h6 Kh4 60.
h7 Kh3 1-0

[Event "X Weekend A"]
[Site "Porto Sant'Elpidio ITA"]
[Date "2007.11.24"]
[Round "1"]
[White "Guglielmi, Dante"]
[Black "Ferri, Stefano"]
[Result "1/2-1/2"]
[WhiteElo "1925"]
[BlackElo "2178"]
[PlyCount "76"]
[EventDate "2007.11.24"]

1. c4 Nf6 2. Nc3 d5 3. cxd5 Nxd5 4. g3 g6 5. Bg2 Nb6 6. Nf3 Bg7 7. O-O O-O 8.
d4 Nc6 9. e3 e5 10. dxe5 Nxe5 11. Nxe5 Bxe5 12. Qc2 c6 13. b3 Qf6 14. Bb2 Qg7
15. Rfd1 Be6 16. Rd2 f5 17. Rad1 Rae8 18. Ne2 Bxb2 19. Qxb2 Qxb2 20. Rxb2 Kf7
21. Nf4 Bc8 22. Rbd2 Ke7 23. h4 Rf6 24. Rd4 h6 25. h5 g5 26. Ng6+ Kf7 27. Rd8
Rfe6 28. R1d6 Rxd6 29. Rxd6 Be6 30. f4 Nd5 31. Bxd5 cxd5 32. a4 Rc8 33. a5 Rc3
34. fxg5 hxg5 35. h6 Kxg6 36. Rxe6+ Kf7 37. h7 Rc1+ 38. Kg2 Rc2+ 1/2-1/2

[Event "X Weekend A"]
[Site "Porto Sant'Elpidio ITA"]
[Date "2007.11.24"]
[Round "1"]
[White "Miandro, Roberto"]
[Black "Senigagliesi, Eros"]
[Result "1-0"]
[WhiteElo "2090"]
[BlackElo "1879"]
[PlyCount "89"]
[EventDate "2007.11.24"]

1. c4 Nf6 2. Nf3 g6 3. Nc3 Bg7 4. e4 d6 5. g3 c5 6. Bg2 Nc6 7. O-O O-O 8. h3 a6
9. d3 Rb8 10. Rb1 b5 11. b3 b4 12. Nd5 Ne8 13. Bb2 e6 14. Ne3 f5 15. exf5 exf5
16. Nd5 Be6 17. d4 Bxd5 18. cxd5 Nxd4 19. Nxd4 Bxd4 20. Bxd4 cxd4 21. Qxd4 Nf6
22. Rbc1 Nd7 23. Rc6 Nc5 24. Qf4 Rb6 25. Rd1 Re8 26. Rd2 Re1+ 27. Kh2 Rc1 28.
Rd4 Rc2 29. Rd2 Rc1 30. Qe3 Rc3 31. Qd4 a5 32. Re2 Rd3 33. Qc4 Rc3 34. Qd4 Rd3
35. Qf4 Rc3 36. Rxb6 Qxb6 37. Re8+ Kg7 38. Qd4+ Kf7 39. Qh8 Nd7 40. Qg8+ Kf6
41. h4 f4 42. Re6+ Kf5 43. Qf7+ Kg4 44. Qxf4+ Kh5 45. Qg5# 1-0

[Event "X Weekend A"]
[Site "Porto Sant'Elpidio ITA"]
[Date "2007.11.24"]
[Round "1"]
[White "Rinaudo, Sergio"]
[Black "Amaranto, Luca"]
[Result "1-0"]
[WhiteElo "2127"]
[BlackElo "1922"]
[PlyCount "119"]
[EventDate "2007.11.24"]

1. d4 d5 2. Nf3 Nf6 3. e3 Bf5 4. Bd3 Bxd3 5. Qxd3 c5 6. Qb5+ Qd7 7. Qxc5 e6 8.
Qc3 Nc6 9. O-O Rc8 10. Qd2 Ne4 11. Qe2 Bd6 12. c3 O-O 13. Nbd2 Nxd2 14. Nxd2
Na5 15. e4 dxe4 16. Nxe4 Be7 17. Bg5 Bxg5 18. Nxg5 Qd5 19. Nf3 Nc4 20. b3 Nd6
21. c4 Qf5 22. Qe5 Rfd8 23. Qxf5 Nxf5 24. Rfd1 b5 25. c5 Rd5 26. a4 b4 27. Rac1
Ne7 28. Ne5 f6 29. Nd3 Rxd4 30. Kf1 Nc6 31. Ke2 Kf8 32. Nb2 e5 33. Nc4 Rxd1 34.
Kxd1 Nd4 35. Na5 Ke7 36. Rc4 Kd7 37. c6+ Nxc6 38. Nxc6 Rxc6 39. Rxb4 Kc7 40.
Kd2 a5 41. Rb5 Rb6 42. Rxa5 Rxb3 43. Ra7+ Rb7 44. Rxb7+ Kxb7 45. g4 Kb6 46. Kc3
Ka5 47. Kb3 g6 48. Kc4 Kxa4 49. Kd5 Kb4 50. Ke6 Kc4 51. Kxf6 Kd4 52. Kg7 Ke4
53. Kxh7 g5 54. Kg6 Kf4 55. h3 e4 56. Kf6 Kf3 57. Kf5 Kxf2 58. Kxe4 Kg3 59. Kf5
Kh4 60. Kg6 1-0

[Event "X Weekend A"]
[Site "Porto Sant'Elpidio ITA"]
[Date "2007.11.24"]
[Round "1"]
[White "Serafini, Gino"]
[Black "Pierantozzi, Stanislao"]
[Result "1-0"]
[WhiteElo "1831"]
[BlackElo "2010"]
[PlyCount "81"]
[EventDate "2007.11.24"]

1. d4 d6 2. Nf3 Bg4 3. e3 Nf6 4. Nbd2 Nc6 5. Be2 e5 6. O-O Be7 7. c3 O-O 8. h3
Bd7 9. Bd3 exd4 10. exd4 g6 11. Ne4 Nxe4 12. Bxe4 Bf6 13. Bh6 Re8 14. Qc2 Rb8
15. Rfe1 Ne7 16. g4 Qc8 17. Nh2 d5 18. Bg2 c6 19. Re3 Qc7 20. Rae1 Qd8 21. Qe2
Qc8 22. g5 Nf5 23. Rxe8+ Qxe8 24. Qd2 Be7 25. Ng4 Qd8 26. Qf4 Bd6 27. Qd2 Be6
28. Ne5 Nxh6 29. gxh6 Qh4 30. Qe3 Re8 31. Qf3 Bf5 32. Re3 Qxh6 33. Ng4 Bxg4 34.
Rxe8+ Kg7 35. hxg4 Bh2+ 36. Kf1 Qc1+ 37. Re1 Qxb2 38. Bh3 Qxa2 39. g5 f5 40.
gxf6+ Kf8 41. Qe3 1-0

[Event "X Weekend A"]
[Site "Porto Sant'Elpidio ITA"]
[Date "2007.11.24"]
[Round "1"]
[White "Spano' Cuomo, Gaetano"]
[Black "Rotoni, Matteo"]
[Result "1/2-1/2"]
[WhiteElo "1879"]
[BlackElo "2069"]
[PlyCount "118"]
[EventDate "2007.11.24"]

1. d4 d5 2. Nf3 Nc6 3. Bf4 Bg4 4. e3 e6 5. c4 Bb4+ 6. Nc3 Nf6 7. a3 Bxc3+ 8.
bxc3 O-O 9. Be2 dxc4 10. Bxc4 Nd5 11. Bxd5 exd5 12. Qd3 Bxf3 13. gxf3 Re8 14.
Qf5 Ne7 15. Qg4 Ng6 16. Rg1 Qf6 17. Bg5 Qe6 18. Qg3 Qb6 19. Kf1 Re6 20. f4 f5
21. h4 Qa6+ 22. Kg2 h6 23. h5 hxg5 24. hxg6 gxf4 25. Qxf4 Rxg6+ 26. Kf3 Qe6 27.
Qxc7 Re8 28. Rxg6 Qxg6 29. Ke2 Qg4+ 30. Kd2 Qf3 31. Qg3 Qxg3 32. fxg3 Kf7 33.
Rb1 b6 34. a4 Rb8 35. Rb5 Ke6 36. a5 a6 37. Rxb6+ Rxb6 38. axb6 Kd6 39. c4 dxc4
40. Kc3 Kc6 41. Kxc4 Kxb6 42. Kb4 Kc6 43. Ka5 Kb7 44. Ka4 Kb6 45. Ka3 Kb5 46.
Ka2 Kb4 47. Kb1 g5 48. Ka2 Kc4 49. Ka3 Kb5 50. Kb3 a5 51. Ka3 a4 52. Kb2 Kc4
53. Ka3 Kd5 54. Kxa4 Ke4 55. Kb4 Kxe3 56. d5 f4 57. gxf4 gxf4 58. d6 f3 59. d7
f2 1/2-1/2

[Event "X Weekend A"]
[Site "Porto Sant'Elpidio ITA"]
[Date "2007.11.25"]
[Round "2"]
[White "Amaranto, Luca"]
[Black "Pierantozzi, Stanislao"]
[Result "1-0"]
[WhiteElo "1922"]
[BlackElo "2010"]
[PlyCount "120"]
[EventDate "2007.11.24"]

1. d4 d6 2. Bf4 g6 3. e3 Bg7 4. Nf3 Nf6 5. h3 c6 6. Nbd2 Bf5 7. Be2 Nd5 8. Bg3
Bc8 9. e4 Nc7 10. O-O O-O 11. Re1 c5 12. c3 cxd4 13. Nxd4 Nc6 14. N2f3 Nxd4 15.
Nxd4 Ne6 16. Nf3 Qb6 17. Qc2 Nc5 18. Rad1 Be6 19. b3 h6 20. e5 Bf5 21. Qc1 Ne4
22. Qf4 e6 23. Bf1 g5 24. Qe3 Qxe3 25. Rxe3 Nxg3 26. fxg3 dxe5 27. Nxe5 Rfd8
28. Rde1 Rd2 29. g4 Bh7 30. Nxf7 Kxf7 31. Rxe6 Bf6 32. Bc4 Kg7 33. a4 Bg8 34.
R6e4 Bxc4 35. Rxc4 Rad8 36. Rc7+ R8d7 37. Rc8 Bxc3 38. Rxc3 Rb2 39. Re6 Rdd2
40. Rc7+ Kf8 41. Rxh6 Rxg2+ 42. Kf1 Kg8 43. Rd6 Rbf2+ 44. Ke1 Re2+ 45. Kd1 Re8
46. Rxb7 Rf8 47. Ke1 Rc8 48. Kd1 Rf8 49. Kc1 Rc8+ 50. Kb1 Rf8 51. Rc6 Rg1+ 52.
Kb2 Rg3 53. Rxa7 Rxh3 54. Rb7 Rh2+ 55. Ka3 Rg2 56. a5 Rxg4 57. a6 Rg1 58. a7 g4
59. Kb4 Ra1 60. Rg6+ Kh8 1-0

[Event "X Weekend A"]
[Site "Porto Sant'Elpidio ITA"]
[Date "2007.11.25"]
[Round "2"]
[White "Baleani, Emanuele"]
[Black "Fioravanti, Emidio"]
[Result "0-1"]
[WhiteElo "1897"]
[BlackElo "2016"]
[PlyCount "110"]
[EventDate "2007.11.24"]

1. e4 c5 2. Nf3 d6 3. d4 cxd4 4. Nxd4 Nf6 5. Nc3 g6 6. f3 Bg7 7. Be3 O-O 8. Qd2
Nc6 9. O-O-O Nxd4 10. Bxd4 Be6 11. Kb1 Qc7 12. g4 Rfc8 13. h4 Qa5 14. Nd5 Qxd2
15. Nxf6+ Bxf6 16. Rxd2 Bxd4 17. Rxd4 Rc5 18. Rd2 Rac8 19. Bd3 a5 20. Rg2 b5
21. f4 b4 22. f5 Bc4 23. fxg6 fxg6 24. g5 Rf8 25. Rgh2 Bxd3 26. cxd3 Rf3 27.
Rh3 Rf2 28. R3h2 Rcc2 29. Rxf2 Rxf2 30. Kc1 Rg2 31. Rf1 Rg4 32. Rh1 Kf7 33. Rh3
Ke6 34. Kc2 a4 35. a3 Rg2+ 36. Kc1 b3 37. h5 Ke5 38. hxg6 hxg6 39. Rh7 Kd4 40.
e5 Kxd3 41. Rh3+ Ke2 42. Rh1 dxe5 43. Rd1 Rxg5 44. Rd2+ Ke3 45. Rd1 Rg2 46.
Re1+ Re2 47. Rg1 Rc2+ 48. Kb1 Rc6 49. Rg3+ Kf4 50. Rh3 g5 51. Rh1 g4 52. Rf1+
Ke3 53. Re1+ Kd2 54. Rg1 Rc4 55. Ka1 Re4 0-1

[Event "X Weekend A"]
[Site "Porto Sant'Elpidio ITA"]
[Date "2007.11.25"]
[Round "2"]
[White "Faini, Marco"]
[Black "Guglielmi, Dante"]
[Result "0-1"]
[WhiteElo "1860"]
[BlackElo "1925"]
[PlyCount "120"]
[EventDate "2007.11.24"]

1. c4 Nf6 2. Nc3 g6 3. g3 Bg7 4. Bg2 O-O 5. e4 d6 6. Nge2 Nbd7 7. d3 Ne5 8. h3
c5 9. f4 Nc6 10. Be3 Nd7 11. Qd2 Nd4 12. O-O Nxe2+ 13. Nxe2 Rb8 14. Rab1 b6 15.
f5 Ne5 16. Kh2 e6 17. fxg6 hxg6 18. Ng1 Qc7 19. b3 Bb7 20. Rf2 Rbd8 21. Nf3 d5
22. Qc2 dxe4 23. dxe4 Nd3 24. Re2 Nb4 25. Qc1 Bxe4 26. Bg5 Bxb1 27. Bxd8 Rxd8
28. Qxb1 Nc6 29. Re4 Ne7 30. Nh4 Rd2 31. Re3 Qd6 32. a4 Bf6 33. Qe4 Bxh4 34.
Qxh4 Nf5 35. Qe4 Nxe3 36. Qxe3 Rd3 37. Qe1 Rxb3 38. h4 Qd3 39. Qe5 Qe3 40. Qb8+
Kg7 41. Qc7 Ra3 42. h5 gxh5 43. Bh3 Qe2+ 44. Bg2 Ra2 45. Qb7 Qxg2+ 46. Qxg2
Rxg2+ 47. Kxg2 Kf6 48. Kf3 Kf5 49. Ke3 Kg4 50. Kf2 f5 51. Kg2 h4 52. gxh4 Kxh4
53. Kf3 e5 54. Kg2 Kg4 55. Kf2 Kf4 56. Ke2 Ke4 57. Kd2 Kd4 58. Ke1 Kxc4 59. Kd2
Kd4 60. Ke2 e4 0-1

[Event "X Weekend A"]
[Site "Porto Sant'Elpidio ITA"]
[Date "2007.11.25"]
[Round "2"]
[White "Ferri, Stefano"]
[Black "Serafini, Gino"]
[Result "1/2-1/2"]
[WhiteElo "2178"]
[BlackElo "1831"]
[PlyCount "74"]
[EventDate "2007.11.24"]

1. d4 d5 2. c4 e6 3. Nc3 Bb4 4. Nf3 Nf6 5. Bg5 Nbd7 6. e3 c5 7. cxd5 exd5 8.
Bd3 cxd4 9. Nxd4 Bxc3+ 10. bxc3 Ne5 11. O-O Nxd3 12. Qxd3 O-O 13. a4 a6 14. h3
Qd6 15. Bf4 Qe7 16. Rfd1 Qe4 17. f3 Qxd3 18. Rxd3 Nh5 19. Bh2 Re8 20. g4 Nf6
21. Kf2 h5 22. Bd6 hxg4 23. hxg4 Bxg4 24. Rg1 Bd7 25. a5 Rac8 26. Bb4 g6 27.
Rg5 Kg7 28. Rd1 Rh8 29. Rg2 Rce8 30. Ne2 Rh5 31. Nf4 Rf5 32. Bc5 Bc6 33. Bd4
Kg8 34. Rh1 Kf8 35. Bc5+ Kg7 36. Bd4 Kf8 37. Bc5+ Kg7 1/2-1/2

[Event "X Weekend A"]
[Site "Porto Sant'Elpidio ITA"]
[Date "2007.11.25"]
[Round "2"]
[White "Fratini, Mauro"]
[Black "Rinaudo, Sergio"]
[Result "0-1"]
[WhiteElo "1979"]
[BlackElo "2127"]
[PlyCount "85"]
[EventDate "2007.11.24"]

1. d4 d5 2. Bf4 Nf6 3. e3 Bf5 4. Nf3 e6 5. c4 Bxb1 6. Rxb1 Bb4+ 7. Ke2 Bd6 8.
Ne5 dxc4 9. Qa4+ Nbd7 10. Rc1 O-O 11. Qxc4 Nb6 12. Qb3 Nfd7 13. Bg3 Nxe5 14.
Bxe5 Bxe5 15. dxe5 Qe7 16. g3 Rfd8 17. Bg2 c6 18. Rhd1 Qg5 19. Qc3 Rxd1 20.
Rxd1 Rd8 21. Rxd8+ Qxd8 22. Qd4 Qxd4 23. exd4 Na4 24. b3 Nc3+ 25. Kd3 Nxa2 26.
Kc4 a5 27. Be4 b5+ 28. Kc5 Nb4 29. Bb1 Nd5 30. Be4 Kf8 31. f4 g6 32. h3 Ke7 33.
g4 Kd7 34. f5 Nb4 35. f6 Kc7 36. Bxc6 Nxc6 37. d5 Nxe5 38. dxe6 a4 39. Kd5 Nd7
40. exf7 Nxf6+ 41. Kc5 axb3 42. Kb4 Nd7 43. Kxb3 0-1

[Event "X Weekend A"]
[Site "Porto Sant'Elpidio ITA"]
[Date "2007.11.25"]
[Round "2"]
[White "Miandro, Roberto"]
[Black "Cerquitella, Luca"]
[Result "0-1"]
[WhiteElo "2090"]
[BlackElo "2238"]
[PlyCount "104"]
[EventDate "2007.11.24"]

1. c4 Nc6 2. Nf3 e5 3. Nc3 g6 4. a3 Bg7 5. g3 a5 6. Bg2 d6 7. d3 Nh6 8. O-O O-O
9. Nd5 Be6 10. Ng5 Bd7 11. h3 a4 12. Ne4 f6 13. Rb1 Nd4 14. Nd2 f5 15. e3 Ne6
16. f4 g5 17. Kh2 gxf4 18. exf4 c6 19. Nc3 exf4 20. gxf4 Nd4 21. Ne2 Ng4+ 22.
Kh1 Ne3 23. Qe1 Nxf1 24. Qxf1 Nxe2 25. Qxe2 Qf6 26. Nf3 c5 27. Bd2 Bc6 28. Bc3
Qh6 29. Bxg7 Kxg7 30. Ng5 Rae8 31. Qf2 Kh8 32. Bxc6 bxc6 33. Rg1 Qf6 34. Qf3 h6
35. Qh5 Re7 36. Nf3 Rg7 37. Re1 Qg6 38. Qxg6 Rxg6 39. Nh4 Rgf6 40. Re7 Rb8 41.
Re2 Kg7 42. Kh2 Kf7 43. Kg3 Rb3 44. Rd2 d5 45. cxd5 cxd5 46. Kf2 Rfb6 47. Kf3
Kf6 48. Ke2 Rxb2 49. Nf3 Rxd2+ 50. Nxd2 Rb2 51. Kd1 Ra2 52. Nb1 d4 0-1

[Event "X Weekend A"]
[Site "Porto Sant'Elpidio ITA"]
[Date "2007.11.25"]
[Round "2"]
[White "Rinaudo, Andrea"]
[Black "Spano' Cuomo, Gaetano"]
[Result "1/2-1/2"]
[WhiteElo "2119"]
[BlackElo "1879"]
[PlyCount "106"]
[EventDate "2007.11.24"]

1. e4 e5 2. Nf3 Nc6 3. Nc3 Bc5 4. Bb5 Nge7 5. O-O a6 6. Bc4 d6 7. a3 Be6 8.
Bxe6 fxe6 9. Ng5 Qd7 10. Qh5+ Ng6 11. Qg4 O-O-O 12. Qxe6 Nd4 13. Qxd7+ Rxd7 14.
b4 Ba7 15. Ra2 h6 16. Nh3 Rf7 17. d3 Rhf8 18. Be3 Nb5 19. Nd1 Bxe3 20. Nxe3 Nc3
21. Raa1 Ne7 22. Rfe1 b5 23. f3 g6 24. Nf2 Nc6 25. Nfd1 Nxd1 26. Raxd1 Nd4 27.
c3 Ne6 28. d4 exd4 29. cxd4 Kb7 30. Rd2 Ng5 31. Rf1 h5 32. Rc2 h4 33. h3 Ne6
34. Rd1 Nf4 35. Rdc1 Ne6 36. Nd5 Rc8 37. Rd1 c6 38. Ne3 Nf4 39. Kf2 Rcf8 40.
Rc3 Rc8 41. d5 cxd5 42. Rxc8 Kxc8 43. Rc1+ Kb7 44. Rd1 dxe4 45. fxe4 Nd5+ 46.
Ke2 Nc3+ 47. Kd3 Nxd1 48. Nxd1 Rf1 49. Ne3 Ra1 50. Nc2 Ra2 51. Kc3 Kc6 52. Kb3
Rxc2 53. Kxc2 d5 1/2-1/2

[Event "X Weekend A"]
[Site "Porto Sant'Elpidio ITA"]
[Date "2007.11.25"]
[Round "2"]
[White "Senigagliesi, Eros"]
[Black "Giobbi, Costantino"]
[Result "0-1"]
[WhiteElo "1879"]
[BlackElo "1955"]
[PlyCount "88"]
[EventDate "2007.11.24"]

1. e4 c5 2. Nf3 Nc6 3. d4 cxd4 4. Nxd4 Nf6 5. Nc3 Qb6 6. Nb3 e6 7. a3 a6 8. Bf4
e5 9. Be3 Qc7 10. Bd3 b5 11. Qd2 Bb7 12. Nc5 Bxc5 13. Bxc5 O-O-O 14. Bxb5 Nd4
15. Bxd4 exd4 16. Qxd4 axb5 17. O-O Bc6 18. a4 b4 19. Nb5 Qa5 20. Nd6+ Kc7 21.
Nxf7 Rhf8 22. Nxd8 Rxd8 23. Rfe1 Re8 24. e5 Qd5 25. Qxd5 Nxd5 26. Rad1 Re6 27.
h4 Kb6 28. Kf1 Kc5 29. b3 Rh6 30. Re4 g5 31. Rc4+ Kb6 32. g3 gxh4 33. Rxh4 Rxh4
34. gxh4 Kc5 35. f3 Ne3+ 36. Ke2 Nxd1 37. Kxd1 Bxf3+ 38. Kd2 Kd4 39. a5 Bb7 40.
c3+ bxc3+ 41. Kc2 Be4+ 42. Kc1 Kxe5 43. b4 Kd4 44. b5 Kc5 0-1

[Event "X Weekend A"]
[Site "Porto Sant'Elpidio ITA"]
[Date "2007.11.25"]
[Round "3"]
[White "Cerquitella, Luca"]
[Black "Rinaudo, Sergio"]
[Result "1-0"]
[WhiteElo "2238"]
[BlackElo "2127"]
[PlyCount "75"]
[EventDate "2007.11.24"]

1. e4 e5 2. Bc4 Nf6 3. d3 Nc6 4. Nf3 h6 5. O-O Bc5 6. c3 d6 7. Nbd2 O-O 8. Re1
Re8 9. Nf1 a6 10. Bb3 Ng4 11. Re2 Be6 12. h3 Nf6 13. Bxe6 fxe6 14. d4 exd4 15.
cxd4 Bb6 16. Ng3 e5 17. d5 Nd4 18. Nxd4 Bxd4 19. Nf5 c5 20. dxc6 bxc6 21. Nxd4
exd4 22. Qxd4 d5 23. e5 Ne4 24. Bf4 Qh4 25. Bh2 Qh5 26. Rc2 Re6 27. Rxc6 Qe8
28. Rxe6 Qxe6 29. Rd1 Rd8 30. h4 Rc8 31. Bf4 Rc2 32. f3 Nf2 33. Rd2 Nh3+ 34.
gxh3 Rc1+ 35. Kh2 Qg6 36. Qxd5+ Kh8 37. Qa8+ Kh7 38. Qe4 1-0

[Event "X Weekend A"]
[Site "Porto Sant'Elpidio ITA"]
[Date "2007.11.25"]
[Round "3"]
[White "Faini, Ivano"]
[Black "Baleani, Emanuele"]
[Result "0-1"]
[WhiteElo "1755"]
[BlackElo "1897"]
[PlyCount "76"]
[EventDate "2007.11.24"]

1. c4 e5 2. Nc3 Nc6 3. g3 g6 4. Bg2 Bg7 5. e4 Nf6 6. Nge2 O-O 7. d3 d6 8. O-O
Be6 9. Nd5 Ne7 10. Bg5 Nexd5 11. cxd5 Bd7 12. Rc1 h6 13. Bxf6 Bxf6 14. h3 c6
15. dxc6 Bxc6 16. Qb3 Bg7 17. f4 Qe7 18. Kh2 Kh8 19. Nc3 Rac8 20. Nd5 Qe6 21.
fxe5 Bxd5 22. Qxd5 Qxd5 23. exd5 Bxe5 24. Rxc8 Rxc8 25. Rxf7 Bxb2 26. Rxb7 Bd4
27. Rd7 Rc1 28. h4 Bc5 29. Rb7 Rc2 30. Kh3 Rxa2 31. Be4 a5 32. Bxg6 a4 33. Rh7+
Kg8 34. Rxh6 Kg7 35. d4 Kxh6 36. Bb1 Ra1 37. dxc5 Rxb1 38. cxd6 Rd1 0-1

[Event "X Weekend A"]
[Site "Porto Sant'Elpidio ITA"]
[Date "2007.11.25"]
[Round "3"]
[White "Fioravanti, Emidio"]
[Black "Guglielmi, Dante"]
[Result "0-1"]
[WhiteElo "2016"]
[BlackElo "1925"]
[PlyCount "138"]
[EventDate "2007.11.24"]

1. e4 c5 2. Nf3 d6 3. Bc4 Nf6 4. Qe2 Nc6 5. c3 Bg4 6. d3 Qa5 7. Nbd2 Ne5 8. Bb3
Qa6 9. Nc4 Nfd7 10. Bf4 Nxf3+ 11. gxf3 Be6 12. h4 b5 13. Nd2 Bxb3 14. Nxb3 Nf6
15. e5 Nh5 16. Bh2 Qc6 17. exd6 e6 18. Qe4 Qxe4+ 19. fxe4 Nf6 20. Nxc5 g6 21.
Be5 Bg7 22. d7+ Ke7 23. d4 Rhg8 24. O-O-O Nxd7 25. Nxd7 Kxd7 26. Bxg7 Rxg7 27.
d5 Rc8 28. dxe6+ Kxe6 29. Rd4 Rgg8 30. Rhd1 Rc6 31. f4 Rb8 32. Kb1 a5 33. a3
Rc5 34. Rd6+ Ke7 35. Rd7+ Ke8 36. R7d5 Rc6 37. R1d4 Rf6 38. e5 Rf5 39. Kc2 Rh5
40. b4 a4 41. c4 bxc4 42. Kc3 Rxh4 43. Rxc4 Rh3+ 44. Rd3 Rh1 45. Kd2 Rh2+ 46.
Ke3 Rd8 47. Rxd8+ Kxd8 48. Rd4+ Ke7 49. Rd3 h5 50. Kd4 Rc2 51. Ke4 Rb2 52. f5
gxf5+ 53. Kxf5 Rb3 54. Rd6 Rxa3 55. Ra6 h4 56. Ra7+ Kf8 57. Kf6 Rf3+ 58. Kg5 h3
59. Rxa4 h2 60. Ra1 Rg3+ 61. Kf5 Rg1 62. Ra8+ Kg7 63. Ra5 h1=Q 64. e6 Qf3+ 65.
Ke5 Re1+ 66. Kd6 Rxe6+ 67. Kd7 Qb7+ 68. Kd8 Rc6 69. Rg5+ Kf6 0-1